Statistiques concernant Arrondissements de la ville de Québec

Cliquez ici pour prendre le quiz!

Statistiques générales

  • Ce quiz a été pris 79 fois
  • Le résultat moyen est 4 sur 7

Statistiques - réponses

Réponse% Correct
Sainte-Foy-Sillery-Cap-Rouge
80%
Charlesbourg
71%
Beauport
67%
Vieux-Québec
53%
Cité Limoilou
40%
La Haute Saint-Charles
35%
Les Rivières
31%

Distribution des résultats

Percentile par nombre de réponses

% des personnes avec chaque résultat

Votre développement - résultats

Vous n’avez pas pris ce quiz